000 00450nam a2200181Ia 4500
005 20250529122102.0
008 008 250516s9999 xx 000 0 eng d
020 _a9781526660343
040 _beng
_cSDCL
041 _aeng
_2eng
084 _aO-,3N42 R3
100 _aALLENDE, ISABEL
_9809857
245 0 _aWind Knows My Name
260 _aNew Delhi:
_bBloomsbury,
_c2023.
300 _a250p.
650 _aReference
942 _cTEXL
_2CC
999 _c1430024
_d1430024